| 000 | 00964nas a2200325 4500 | ||
|---|---|---|---|
| 001 | BR2011001708 | ||
| 003 | BR-BrBNA | ||
| 005 | 20231205114525.0 | ||
| 007 | ta | ||
| 008 | 230509b bl.|||p| |||| 00| 00por d | ||
| 040 |
_aBR-BrBNA _bpor _cBiblioteca Nacional de Agricultura |
||
| 041 | _a(Pt) | ||
| 072 | _aF60 | ||
| 100 | 1 | _aSampaio, A.H.R. | |
| 100 | 1 | _aCoelho Filho, M.A. | |
| 100 | 1 | _aCoelho, E.F. | |
| 100 | 1 | _aDaniel, R. | |
| 100 | 1 | _aMachado, V.V. | |
| 100 | 1 | _aCarvalho, G.C. | |
| 100 | 1 | _aSantana Junior, E.B. | |
| 245 | 1 | _aDeficit hídrico e secamento parcial do sistema radicular em pomar de lima ácida | |
| 650 | _aLIMA | ||
| 650 | _aBALANÇO HÍDRICO | ||
| 650 | _aSISTEMA RADICULAR | ||
| 650 | _aIRRIGAÇÃO | ||
| 773 | 0 |
_tPesquisa Agropecuária Brasileira (Brazil) _xISSN 0100-204X _g(Oct 2010), v. 45(10) p. 1141-1148 _wBR2011001708 |
|
| 856 | 4 | 0 | _uLIMÃO |
| 909 |
_a202311 _bLúcia _c55 _dLúcia Elande |
||
| 942 |
_2AGRIS _n0 _cANA |
||
| 999 |
_c209162 _d209162 |
||